Datum a čas kvízu
29
Celkem bodů
Celkový počet nahraných bodů na tomto kvízu bez doplňovacích otázek.
8.
Pořadí na kvízu
Konečné umístění týmu na tomto kvízu.
Zaznamenané odpovědi
| # | Otázka | Odpověď | Body | Výsledky |
|---|---|---|---|---|
| 1. | Ve čtvrtek byl představen nový... | JENDA | 0 | |
| 2. | Severokorejský vůdce Kim Čong-... | vítězství nad epidemií covidu-19 | 0 | |
| 3. | Od čtvrtka do soboty se poblíž... | Most | 0 | |
| 4. | Senát Parlamentu České republi... | zákaz jednorázových plastových výrobků | 1 | |
| 5. | Ve čtvrtek měl v českých kinec... | Jan Koller | 1 | |
| 6. | Následující otázky budou věnov... | šarkan | 0 | |
| 7. | Nyní se přesuneme do knižního... | Michaela Klevisová | 0 | |
| 8. | První dračí lodě se objevily p... | 20 závodníků | 1 | |
| 9. | Dračí hory je pohoří rozkládaj... | Lesotho, Svazijsko | 0.5 | |
| 10. | V srpnu letošního roku bude mí... | Rod draka (House of the Dragon) | 1 |